[Event "Stay Safe Play From Home 152"]
[Site "T#646138Emanuel Laske"]
[Date "2020.05.17"]
[Round "1"]
[White "Indianquant"]
[Black "Castlingarrocco"]
[Result "1-0"]
[WhiteElo "2233"]
[BlackElo "2036"]
[Annotator "RC"]
[PlyCount "67"]
[EventDate "2020.05.17"]
[EventType "swiss (blitz)"]

1. Nf3 {[%emt 0:00:01]} d6 {[%emt 0:00:00]} 2. d4 {[%emt 0:00:01]} g6 {[%emt 0:00:00]} 3. c4 {[%emt 0:00:00]} Bg7 {[%emt 0:00:00]} 4. Nc3 {[%emt 0:00:00]} Nd7 {[%emt 0:00:00]} 5. e4 {[%emt 0:00:00]} e5 {[%emt 0:00:00]} 6. Be2 {[%emt 0:00:01]} Ngf6 {[%emt 0:00:01]} 7. O-O {[%emt 0:00:00]} O-O {[%emt 0:00:01]} 8. Re1 {[%emt 0:00:00]} exd4 {[%emt 0:00:01]} 9. Nxd4 {[%emt 0:00:01]} Qe7 {[%emt 0:00:00]} 10. Bf1 {[%emt 0:00:00]} Ne5 {[%emt 0:00:01]} 11. f3 {[%emt 0:00:03]} Nc6 {[%emt 0:00:01]} 12. Be3 {[%emt 0:00:01]} Nxd4 {[%emt 0:00:01]} 13. Bxd4 {[%emt 0:00:00]} Be6 {[%emt 0:00:01]} 14. Qd2 {[%emt 0:00:01]} b6 {[%emt 0:00:03]} 15. Nd5 {[%emt 0:00:01]} Bxd5 {[%emt 0:00:01]} 16. cxd5 {[%emt 0:00:01]} Qd8 {[%emt 0:00:01]} 17. Rac1 {[%emt 0:00:01]} Nd7 {[%emt 0:00:01]} 18. b4 {[%emt 0:00:02]} Ne5 {[%emt 0:00:01]} 19. Ba6 {[%emt 0:00:02]} Qd7 {[%emt 0:00:02]} 20. Kh1 {[%emt 0:00:02]} h5 {[%emt 0:00:02]} 21. f4 {[%emt 0:00:01]} Ng4 {[%emt 0:00:02]} 22. h3 {[%emt 0:00:01]} Bxd4 {[%emt 0:00:01]} 23. Qxd4 {[%emt 0:00:00]} Nh6 {[%emt 0:00:02]} 24. b5 {[%emt 0:00:02]} f5 {[%emt 0:00:02]} 25. e5 {[%emt 0:00:01]} dxe5 {[%emt 0:00:01]} 26. fxe5 {[%emt 0:00:00]} f4 {[%emt 0:00:01]} 27. e6 {[%emt 0:00:02]} Qg7 {[%emt 0:00:02]} 28. Qxg7+ {[%emt 0:00:01]} Kxg7 {[%emt 0:00:00]} 29. Rxc7+ {[%emt 0:00:01]} Kf6 {[%emt 0:00:00]} 30. e7 {[%emt 0:00:02]} Rfe8 {[%emt 0:00:01]} 31. d6 {[%emt 0:00:01]} Nf5 {[%emt 0:00:01]} 32. d7 {[%emt 0:00:01]} Rxe7 {[%emt 0:00:01]} 33. Rxe7 {[%emt 0:00:01]} Nxe7 {[%emt 0:00:01]} 34. Bc8 {[%emt 0:00:01] Castlingarrocco abbandona (Lag: Av=0.57s, max=1.2s)} 1-0

[Event "Stay Safe Play From Home 152"]
[Site "T#646138Emanuel Laske"]
[Date "2020.05.17"]
[Round "1"]
[White "SoulofWolf"]
[Black "MartinKestler"]
[Result "1-0"]
[WhiteElo "2145"]
[BlackElo "1913"]
[Annotator "TA"]
[PlyCount "137"]
[EventDate "2020.05.17"]
[EventType "swiss (blitz)"]

{[%evp 14,136,46,26,83,77,75,72,89,69,68,68,72,45,34,19,64,67,60,54,60,54,60,0,66,-53,-47,-66,49,-81,27,32,42,-63,28,-104,29,-111,-106,-104,-104,-97,-110,-186,-186,-187,-185,-212,-151,-152,-46,-46,-40,-81,-77,-229,0,0,67,66,94,26,16,-3,56,91,186,84,138,146,205,72,81,86,419,32,35,34,148,35,2933,2653,29984,29985,29987,29985,29990,29991,29992,29992,29993,29993,29993,29993,29993,29994,29995,29996,29996,29997,29998,29996,29997,29996,29997,29997,29997,29997,29997,29997,29998,29997,29998,29997,29998,29997,29998,29998,29998,29997,29998,29998,29998,29999,29999]} 1. d4 d6 2. Nf3 Nf6 3. c4 g6 4. Nc3 Bg7 5. g3 O-O 6. Bg2 Bg4 7. O-O c6 8. e4 Bxf3 {[#] E62: King's Indian: Fianchetto: 6...c6 and Panno Variation (6...Nc6) without ...a6.} (8... e5 $11) 9. Qxf3 $146 ({Predecessor:} 9. Bxf3 e5 10. d5 Qc7 11. Qe2 Nbd7 12. Be3 Rfd8 13. Rfd1 Nf8 14. Rac1 c5 15. Bg2 Qd7 16. Bd2 h6 17. Re1 g5 18. Nd1 Ng6 19. Ne3 Ne7 20. Bf3 Rf8 21. Red1 Kh8 {½-½ (21) Jiang,Z (1993)-Tian,T (2160) Jiangmen 2018}) 9... Nbd7 10. Be3 e5 {White is better.} 11. Rad1 exd4 12. Bxd4 Qc7 13. Bh3 Rfe8 14. Rfe1 Ne5 15. Qe2 $1 Rad8 16. f4 Ned7 17. Bg2 a6 18. a4 (18. b4 $14) 18... Nc5 (18... Qa5 $11) 19. Qc2 (19. Bxc5 $1 $14 dxc5 20. e5) 19... Ne6 $15 20. Bf2 Qa5 (20... Ng4 $15) 21. b3 (21. Bf3 $14) 21... Qb4 (21... Ng4 $17 22. Ne2 Nxf2 23. Kxf2 Qb6+ 24. Kf1 Nc5) 22. Na2 $11 Qa5 23. Be3 (23. h3 $14) 23... Qc7 (23... Ng4 $15 24. Kh1 {[#]} Nd4 $1 {[%mdl 512]}) 24. Qf2 (24. Bf3 $11) 24... c5 (24... Ng4 $17 25. Qf3 Nxe3 26. Qxe3 Nc5) 25. Rd2 (25. h3 $11) 25... Ng4 $17 26. Qf3 Nxe3 27. Rxe3 Bd4 28. Kh1 (28. Nc3 $17) 28... Bxe3 $19 29. Qxe3 Nd4 30. Qd3 Qe7 31. Nc3 b6 (31... f5 $17 32. Rd1 fxe4 33. Bxe4 Kh8) 32. Nd5 $15 Qf8 33. Nxb6 Rb8 34. Nd5 $2 (34. a5 $17) 34... Kg7 $2 ({Weaker is} 34... Nxb3 35. Nf6+ Kg7 36. Nxe8+ Qxe8 37. Rb2 $17) (34... Rxb3 $19 35. Qf1 Kh8) 35. b4 $1 $11 Rec8 (35... f5 $11) 36. b5 $14 axb5 37. axb5 (37. cxb5 $16 {b6 is the strong threat.} Qe8 38. Rd1) 37... Ra8 38. h3 Qe8 (38... Ra1+ $11 39. Kh2 Rca8) 39. Kh2 Qe6 {[#]} (39... Qd8 $16 {was worth a try.}) 40. f5 $1 {[%mdl 512]} Qe5 ({Better is} 40... gxf5 41. Nb6 fxe4 42. Qxe4 d5 43. Qxe6 (43. Nxd5 Qxe4 44. Bxe4 Re8 $15) 43... fxe6) 41. Nb6 $16 Rcb8 (41... Rd8 $16 {was called for.}) 42. Nxa8 (42. Nd7 $18 Qe8 43. Nxb8 Rxb8 44. h4) 42... Rxa8 43. Rf2 Ra1 $2 {[%mdl 8192]} (43... g5 $16) 44. fxg6 $2 ({White should try} 44. f6+ $18 Kf8 45. b6) 44... hxg6 $14 45. Qe3 Ne6 (45... Ra4 $14) 46. Rf1 (46. Qf3 $16 Ra7 47. h4) 46... Qd4 $2 {[%mdl 8192]} (46... Ra2 $14) 47. Qxd4+ $18 Nxd4 48. Rxa1 {White mates.} Ne2 49. Rf1 Nf4 50. Rxf4 f5 51. Rf2 fxe4 52. b6 e3 53. Re2 d5 54. b7 dxc4 55. b8=Q c3 56. Rxe3 Kh6 57. Rxc3 g5 58. Rc2 Kg6 59. g4 Kf6 60. Qb5 Kf7 61. Qxc5 Kf6 62. Qb5 Kg7 63. Qa5 Kg6 64. Rc5 Kg7 65. Rxg5+ Kf7 66. Rb5 Ke8 67. Rb6 Ke7 68. Qa7+ Ke8 69. Rb8# {What a bad dream for Black. Accuracy: White = 36%, Black = 29%.} 1-0

[Event "Stay Safe Play From Home 152"]
[Site "T#646138Emanuel Laske"]
[Date "2020.05.17"]
[Round "1"]
[White "Weltszmerc"]
[Black "Edmatuag"]
[Result "1-0"]
[WhiteElo "2114"]
[BlackElo "1658"]
[Annotator "TA"]
[PlyCount "63"]
[EventDate "2020.05.17"]
[EventType "swiss (blitz)"]

{[%evp 19,63,32,31,8,29,25,30,34,48,33,47,48,50,18,39,20,45,0,54,19,35,36,41,37,39,14,16,-9,-9,-38,59,25,33,15,29,18,30,0,105,0,0,0,114,120,420,416]} 1. d4 c6 2. c4 d5 3. Nf3 e6 4. g3 Nf6 5. Bg2 Nbd7 6. O-O Be7 7. Nbd2 O-O 8. Qc2 b6 9. e4 Bb7 10. e5 Ne8 $1 11. h4 {E09: Closed Catalan: Main Line: 7 Qc2 c6 8 Nbd2.} h6 12. cxd5 cxd5 13. Re1 {[#] White has an edge.} Qc8 $146 ({Predecessor:} 13... Rc8 14. Qa4 a5 15. Nf1 Ba6 16. Qd1 Nb8 17. Ne3 Bb4 18. Bd2 Nc6 19. a3 Bxd2 20. Qxd2 {½-½ (75) Iljushin,A (2515)-Nikitin,A (2400) St Petersburg 2000}) 14. Qa4 Bc6 15. Qd1 Bb5 16. a4 Bd3 17. Nf1 Bh7 18. Ne3 Qc6 (18... Nb8 $11) 19. Bf1 Rc8 20. Ba6 Rc7 21. Bd2 Nb8 22. Bb5 Qb7 23. Rc1 (23. Qe2 {is more complex.} Be4 24. Bc3 Rc8 25. Nd2 Bh7 26. f4) 23... Rxc1 24. Qxc1 Qc7 (24... Nc7 $15) 25. Bxe8 Qxc1 26. Rxc1 {[#] Hoping for Bb5.} Rxe8 27. Rc7 a6 28. b4 Bd8 (28... Kf8 $11) 29. Rc1 (29. Rc8 $16 Nd7 30. Ra8) 29... Be7 $11 30. Rc7 (30. Ne1 $11) 30... Bd8 $16 31. Rc8 Kf8 $2 {[%mdl 8192] [#]} (31... Nd7 $16) 32. Rxb8 {Accuracy: White = 58%, Black = 64%.} 1-0

[Event "Stay Safe Play From Home 152"]
[Site "T#646138Emanuel Laske"]
[Date "2020.05.17"]
[Round "1"]
[White "Sfantul321"]
[Black "Mepe_Nika"]
[Result "1/2-1/2"]
[WhiteElo "2029"]
[BlackElo "2312"]
[Annotator "NA"]
[PlyCount "101"]
[EventDate "2020.05.17"]
[EventType "swiss (blitz)"]

1. e4 {[%emt 0:00:02]} e5 {[%emt 0:00:01]} 2. Nf3 {[%emt 0:00:01]} Nc6 {[%emt 0:00:01]} 3. Bc4 {[%emt 0:00:00]} Nf6 {[%emt 0:00:01]} 4. d3 {[%emt 0:00:01]} Bc5 {[%emt 0:00:00]} 5. h3 {[%emt 0:00:01]} d5 {[%emt 0:00:02]} 6. exd5 {[%emt 0:00:01]} Nxd5 {[%emt 0:00:00]} 7. Nc3 {[%emt 0:00:00]} Nxc3 {[%emt 0:00:01]} 8. bxc3 {[%emt 0:00:00]} O-O {[%emt 0:00:01]} 9. O-O {[%emt 0:00:00]} Re8 {[%emt 0:00:01]} 10. Re1 {[%emt 0:00:01]} Be6 {[%emt 0:00:01]} 11. Bb5 {[%emt 0:00:01]} Qd6 {[%emt 0:00:02]} 12. Bxc6 {[%emt 0:00:01]} Qxc6 {[%emt 0:00:02]} 13. Nxe5 {[%emt 0:00:01]} Qd6 {[%emt 0:00:04]} 14. d4 {[%emt 0:00:00]} Bb6 {[%emt 0:00:01]} 15. Bf4 {[%emt 0:00:02]} f6 {[%emt 0:00:02]} 16. Ng6 {[%emt 0:00:02]} Qc6 {[%emt 0:00:02]} 17. Nh4 {[%emt 0:00:02]} g5 {[%emt 0:00:05]} 18. Bd2 {[%emt 0:00:01]} gxh4 {[%emt 0:00:01]} 19. Qh5 {[%emt 0:00:01]} Kh8 {[%emt 0:00:06]} 20. Qxh4 {[%emt 0:00:01]} Bd5 {[%emt 0:00:01]} 21. Rxe8+ {[%emt 0:00:02]} Rxe8 {[%emt 0:00:01]} 22. f3 {[%emt 0:00:00]} Rg8 {[%emt 0:00:01]} 23. Bf4 {[%emt 0:00:02]} Bxf3 {[%emt 0:00:02]} 24. g4 {[%emt 0:00:01]} Qe6 {[%emt 0:00:04]} 25. Re1 {[%emt 0:00:02]} Qf7 {[%emt 0:00:02]} 26. Rf1 {[%emt 0:00:02]} Be4 {[%emt 0:00:02]} 27. Be5 {[%emt 0:00:01]} Rg6 {[%emt 0:00:02]} 28. Bxf6+ {[%emt 0:00:01]} Kg8 {[%emt 0:00:01]} 29. g5 {[%emt 0:00:01]} Bxc2 {[%emt 0:00:02]} 30. Qf4 {[%emt 0:00:01]} c5 {[%emt 0:00:01]} 31. h4 {[%emt 0:00:02]} cxd4 {[%emt 0:00:01]} 32. cxd4 {[%emt 0:00:01]} h6 {[%emt 0:00:03]} 33. h5 {[%emt 0:00:02]} Rxf6 {[%emt 0:00:00]} 34. Qxf6 {[%emt 0:00:01]} Qxf6 {[%emt 0:00:01]} 35. gxf6 {[%emt 0:00:00]} Bxd4+ {[%emt 0:00:00]} 36. Rf2 {[%emt 0:00:00]} Kf7 {[%emt 0:00:00]} 37. Kg2 {[%emt 0:00:01]} Bxf2 {[%emt 0:00:00]} 38. Kxf2 {[%emt 0:00:01]} Bb1 {[%emt 0:00:00]} 39. Ke3 {[%emt 0:00:00]} Bxa2 {[%emt 0:00:00]} 40. Kd4 {[%emt 0:00:00]} Be6 {[%emt 0:00:00]} 41. Ke5 {[%emt 0:00:00]} Bg4 {[%emt 0:00:00]} 42. Kf4 {[%emt 0:00:01]} Bxh5 {[%emt 0:00:00]} 43. Ke5 {[%emt 0:00:00]} Bg6 {[%emt 0:00:00]} 44. Kf4 {[%emt 0:00:01]} Kxf6 {[%emt 0:00:00]} 45. Kf3 {[%emt 0:00:00]} h5 {[%emt 0:00:00]} 46. Kg3 {[%emt 0:00:00]} a5 {[%emt 0:00:00]} 47. Kg2 {[%emt 0:00:00]} a4 {[%emt 0:00:00]} 48. Kh2 {[%emt 0:00:00]} a3 {[%emt 0:00:00]} 49. Kh3 {[%emt 0:00:00]} a2 {[%emt 0:00:00]} 50. Kg3 {[%emt 0:00:00]} a1=Q {[%emt 0:00:00]} 51. Kf4 {[%emt 0:00:00] Time (Lag: Av=0.27s, max=0.5s)} 1/2-1/2

[Event "Stay Safe Play From Home 152"]
[Site "T#646138Emanuel Laske"]
[Date "2020.05.17"]
[Round "1"]
[White "Don59as"]
[Black "XShot"]
[Result "0-1"]
[WhiteElo "1996"]
[BlackElo "2470"]
[Annotator "NA"]
[PlyCount "96"]
[EventDate "2020.05.17"]
[EventType "swiss (blitz)"]

1. c4 {[%emt 0:00:01]} c6 {[%emt 0:00:00]} 2. Nc3 {[%emt 0:00:01]} d6 {[%emt 0:00:00]} 3. e4 {[%emt 0:00:01]} Nf6 {[%emt 0:00:00]} 4. g3 {[%emt 0:00:00]} Bg4 {[%emt 0:00:00]} 5. f3 {[%emt 0:00:02]} Bh5 {[%emt 0:00:01]} 6. Bg2 {[%emt 0:00:01]} Bg6 {[%emt 0:00:02]} 7. Nge2 {[%emt 0:00:01]} e5 {[%emt 0:00:00]} 8. d4 {[%emt 0:00:01]} Be7 {[%emt 0:00:01]} 9. O-O {[%emt 0:00:01]} Nfd7 {[%emt 0:00:02]} 10. Be3 {[%emt 0:00:01]} O-O {[%emt 0:00:01]} 11. Qd2 {[%emt 0:00:00]} a5 {[%emt 0:00:01]} 12. f4 {[%emt 0:00:01]} f6 {[%emt 0:00:01]} 13. fxe5 {[%emt 0:00:02]} dxe5 {[%emt 0:00:01]} 14. d5 {[%emt 0:00:01]} Na6 {[%emt 0:00:01]} 15. d6 {[%emt 0:00:01]} Ndc5 {[%emt 0:00:01]} 16. dxe7 {[%emt 0:00:01]} Qxe7 {[%emt 0:00:00]} 17. b3 {[%emt 0:00:03]} Rfd8 {[%emt 0:00:02]} 18. Qc2 {[%emt 0:00:01]} Nb4 {[%emt 0:00:01]} 19. Qb1 {[%emt 0:00:02]} Rd3 {[%emt 0:00:04]} 20. Bf2 {[%emt 0:00:03]} Rad8 {[%emt 0:00:02]} 21. Rd1 {[%emt 0:00:02]} Rxd1+ {[%emt 0:00:02]} 22. Nxd1 {[%emt 0:00:01]} Bh5 {[%emt 0:00:02]} 23. Ndc3 {[%emt 0:00:02]} Ncd3 {[%emt 0:00:04]} 24. Be3 {[%emt 0:00:04]} Nc5 {[%emt 0:00:04]} 25. a3 {[%emt 0:00:01]} Nba6 {[%emt 0:00:01]} 26. b4 {[%emt 0:00:01]} Ne6 {[%emt 0:00:01]} 27. b5 {[%emt 0:00:02]} Nac5 {[%emt 0:00:01]} 28. bxc6 {[%emt 0:00:02]} bxc6 {[%emt 0:00:00]} 29. Nd5 {[%emt 0:00:01]} cxd5 {[%emt 0:00:02]} 30. cxd5 {[%emt 0:00:00]} Nd4 {[%emt 0:00:00]} 31. Nxd4 {[%emt 0:00:01]} exd4 {[%emt 0:00:00]} 32. Bxd4 {[%emt 0:00:01]} Bg6 {[%emt 0:00:01]} 33. Qc2 {[%emt 0:00:04]} Nxe4 {[%emt 0:00:02]} 34. Bxe4 {[%emt 0:00:04]} Bxe4 {[%emt 0:00:01]} 35. Qc5 {[%emt 0:00:01]} Qxc5 {[%emt 0:00:01]} 36. Bxc5 {[%emt 0:00:01]} Rxd5 {[%emt 0:00:00]} 37. Bb6 {[%emt 0:00:01]} a4 {[%emt 0:00:01]} 38. Ra2 {[%emt 0:00:01]} Rd1+ {[%emt 0:00:01]} 39. Kf2 {[%emt 0:00:01]} Bd5 {[%emt 0:00:00]} 40. Rb2 {[%emt 0:00:02]} Ra1 {[%emt 0:00:01]} 41. Bc5 {[%emt 0:00:01]} Rc1 {[%emt 0:00:01]} 42. Bb4 {[%emt 0:00:01]} h5 {[%emt 0:00:01]} 43. Ke3 {[%emt 0:00:01]} Kh7 {[%emt 0:00:00]} 44. Kf4 {[%emt 0:00:01]} Be6 {[%emt 0:00:01]} 45. h4 {[%emt 0:00:01]} Rc4+ {[%emt 0:00:01]} 46. Kf3 {[%emt 0:00:01]} Bg4+ {[%emt 0:00:00]} 47. Kf2 {[%emt 0:00:00]} Re4 {[%emt 0:00:00]} 48. Rd2 {[%emt 0:00:00]} f5 {[%emt 0:00:01]} 0-1

[Event "Stay Safe Play From Home 152"]
[Site "T#646138Emanuel Laske"]
[Date "2020.05.17"]
[Round "1"]
[White "Haxhi Baha"]
[Black "Trotsky"]
[Result "1-0"]
[WhiteElo "1926"]
[BlackElo "1602"]
[Annotator "TA"]
[PlyCount "61"]
[EventDate "2020.05.17"]
[EventType "swiss (blitz)"]

{[%evp 9,61,19,45,5,21,13,11,2,41,59,162,29,124,2,1,2,14,6,42,-87,130,-264,60,42,495,513,522,523,485,355,496,384,373,272,569,462,602,595,1139,612,980,937,904,803,740,0,29999,654,636,531,502,0,594,567]} 1. e4 c5 2. Nf3 e6 3. d4 d5 4. exd5 exd5 5. c3 Be6 6. dxc5 {B22: Sicilian: 2 c3.} Bxc5 7. Bd3 {[#]} Nc6 $146 ({Predecessor:} 7... h6 8. O-O Nf6 9. Nbd2 Nc6 10. Nb3 Bb6 11. Nbd4 Nxd4 12. Nxd4 Bxd4 13. Qa4+ Nd7 14. Qxd4 {0-1 (42) Toth Vano,P (2030)-Gajarsky,R (2020) Slovakia 2004}) 8. O-O {The position is equal.} Qc7 9. Re1 O-O-O (9... Nge7 $14) 10. Ng5 (10. b4 $18 Bb6 11. Na3) 10... h5 (10... Nh6 $11 {remains equal.} 11. Rxe6 fxe6 12. Nxe6 {[%mdl 64] Double Attack} Bxf2+ 13. Kh1 Qe7 14. Nxd8 Rxd8) 11. Nxe6 (11. Rxe6 $16 fxe6 12. Nxe6 {[%mdl 64] Double Attack}) 11... fxe6 $11 12. Rxe6 Nf6 13. Bf5 $1 $36 {[%mdl 2048] Strongly threatening Rxc6+. White fights for an advantage.} Kb8 {White must now prevent ...Ng4!} 14. g3 (14. Qf3 $1 $14) 14... Bd6 $2 (14... Ka8 $17 {and life is bright. And now ...Ne4! would win.} 15. Bf4 Qf7) 15. Qf3 $2 {[%mdl 8192] [#]} (15. Na3 $16 a6 16. Rxd6 Rxd6 17. Bf4) 15... h4 $2 (15... Nd4 $1 $19 {[%cal Rd4f3][%mdl 512]} 16. cxd4 Qxc1+ {[%mdl 64] Double Attack} 17. Kg2 h4) 16. Rxd6 hxg3 $2 {[%mdl 8192] White now steadily converts the win.} (16... Rxd6 $14 17. Bf4 g5 18. Bxd6 Qxd6) 17. Rxd8+ $18 Qxd8 18. Bf4+ Ka8 19. fxg3 Nh5 20. Nd2 Nxf4 21. Qxf4 g5 $2 (21... Rf8 22. Qg4 Ne5) 22. Qg4 Ne5 23. Qd4 g4 24. Re1 Nf3+ 25. Nxf3 gxf3 26. Qf4 Qb6+ 27. Qd4 $2 (27. Qe3 $18) 27... Qxb2 $4 {[%mdl 8192]} (27... Qd8 $11 28. Rf1 Re8 29. Rxf3 Qa5) 28. Qf2 (28. Qxh8# $142) 28... Qxc3 29. Re3 Qc1+ {[#]} 30. Re1 $2 (30. Qe1 $1 $18 {[%cal Re1c1]} Qxe1+ 31. Rxe1) 30... Qh6 $2 {[%mdl 8192]} (30... Qc3 $1 $11 31. Bg4 Rd8 32. Bxf3 Qa5) 31. Rb1 {Accuracy: White = 39%, Black = 32%.} 1-0

[Event "Stay Safe Play From Home 152"]
[Site "T#646138Emanuel Laske"]
[Date "2020.05.17"]
[Round "1"]
[White "Canbaylav40"]
[Black "Lazieri3"]
[Result "0-1"]
[WhiteElo "1620"]
[BlackElo "2127"]
[Annotator "NA"]
[PlyCount "124"]
[EventDate "2020.05.17"]
[EventType "swiss (blitz)"]

1. e4 {[%emt 0:00:01]} c6 {[%emt 0:00:01]} 2. d4 {[%emt 0:00:01]} d5 {[%emt 0:00:00]} 3. exd5 {[%emt 0:00:00]} cxd5 {[%emt 0:00:00]} 4. c4 {[%emt 0:00:00]} Nc6 {[%emt 0:00:00]} 5. Nc3 {[%emt 0:00:00]} Nf6 {[%emt 0:00:01]} 6. Bg5 {[%emt 0:00:00]} Bg4 {[%emt 0:00:01]} 7. f3 {[%emt 0:00:01]} Bf5 {[%emt 0:00:01]} 8. Bxf6 {[%emt 0:00:02]} gxf6 {[%emt 0:00:01]} 9. cxd5 {[%emt 0:00:01]} Nb8 {[%emt 0:00:03]} 10. Bd3 {[%emt 0:00:02]} Bxd3 {[%emt 0:00:01]} 11. Qxd3 {[%emt 0:00:00]} Bg7 {[%emt 0:00:00]} 12. Nge2 {[%emt 0:00:01]} O-O {[%emt 0:00:00]} 13. O-O {[%emt 0:00:01]} Nd7 {[%emt 0:00:00]} 14. a4 {[%emt 0:00:01]} Nb6 {[%emt 0:00:00]} 15. Nf4 {[%emt 0:00:01]} Bh6 {[%emt 0:00:02]} 16. Qe4 {[%emt 0:00:01]} Bxf4 {[%emt 0:00:01]} 17. Qxf4 {[%emt 0:00:00]} Nxd5 {[%emt 0:00:01]} 18. Qg4+ {[%emt 0:00:01]} Kh8 {[%emt 0:00:01]} 19. Rfe1 {[%emt 0:00:02]} Nxc3 {[%emt 0:00:01]} 20. bxc3 {[%emt 0:00:00]} Qc8 {[%emt 0:00:01]} 21. Qxc8 {[%emt 0:00:04]} Raxc8 {[%emt 0:00:02]} 22. Rxe7 {[%emt 0:00:00]} Rxc3 {[%emt 0:00:00]} 23. Rxb7 {[%emt 0:00:01]} a5 {[%emt 0:00:01]} 24. Re1 {[%emt 0:00:01]} Rc2 {[%emt 0:00:05]} 25. h4 {[%emt 0:00:03]} Rg8 {[%emt 0:00:02]} 26. Kf1 {[%emt 0:00:07]} Rgxg2 {[%emt 0:00:03]} 27. Re8+ {[%emt 0:00:02]} Kg7 {[%emt 0:00:01]} 28. Ree7 {[%emt 0:00:04]} Kg6 {[%emt 0:00:02]} 29. Rxf7 {[%emt 0:00:02]} Kf5 {[%emt 0:00:01]} 30. Rb6 {[%emt 0:00:01]} Kf4 {[%emt 0:00:02]} 31. Rfxf6+ {[%emt 0:00:01]} Ke3 {[%emt 0:00:01]} 32. Rfe6+ {[%emt 0:00:02]} Kxf3 {[%emt 0:00:01]} 33. Rf6+ {[%emt 0:00:01]} Ke4 {[%emt 0:00:01]} 34. Rbc6 {[%emt 0:00:02]} Ra2 {[%emt 0:00:04]} 35. Rcd6 {[%emt 0:00:05]} Rh2 {[%emt 0:00:02]} 36. Rfe6+ {[%emt 0:00:01]} Kd3 {[%emt 0:00:01]} 37. Kg1 {[%emt 0:00:00]} Rhb2 {[%emt 0:00:02]} 38. Re1 {[%emt 0:00:01]} Rg2+ {[%emt 0:00:01]} 39. Kh1 {[%emt 0:00:00]} Rg4 {[%emt 0:00:01]} 40. d5 {[%emt 0:00:01]} Rxh4+ {[%emt 0:00:01]} 41. Kg1 {[%emt 0:00:00]} Rg4+ {[%emt 0:00:02]} 42. Kf1 {[%emt 0:00:00]} Rgg2 {[%emt 0:00:02]} 43. Rd1+ {[%emt 0:00:01]} Kc4 {[%emt 0:00:01]} 44. Rc1+ {[%emt 0:00:01]} Kb4 {[%emt 0:00:01]} 45. Rf6 {[%emt 0:00:00]} Rad2 {[%emt 0:00:03]} 46. Ke1 {[%emt 0:00:00]} Rde2+ {[%emt 0:00:01]} 47. Kf1 {[%emt 0:00:00]} Rd2 {[%emt 0:00:00]} 48. Rb1+ {[%emt 0:00:00]} Kc5 {[%emt 0:00:01]} 49. Rc6+ {[%emt 0:00:00]} Kd4 {[%emt 0:00:00]} 50. Rc7 {[%emt 0:00:00]} Rgf2+ {[%emt 0:00:00]} 51. Ke1 {[%emt 0:00:00]} Rfe2+ {[%emt 0:00:00]} 52. Kf1 {[%emt 0:00:00]} Rf2+ {[%emt 0:00:00]} 53. Kg1 {[%emt 0:00:00]} Rg2+ {[%emt 0:00:00]} 54. Kf1 {[%emt 0:00:00]} Rdf2+ {[%emt 0:00:00]} 55. Ke1 {[%emt 0:00:00]} Ke5 {[%emt 0:00:00]} 56. Kd1 {[%emt 0:00:00]} Kf5 {[%emt 0:00:00]} 57. Rb2 {[%emt 0:00:00]} Kg6 {[%emt 0:00:00]} 58. Re2 {[%emt 0:00:00]} Kh5 {[%emt 0:00:00]} 59. Kc1 {[%emt 0:00:00]} Rf1+ {[%emt 0:00:00]} 60. Kc2 {[%emt 0:00:01]} Rxe2+ {[%emt 0:00:00]} 61. Kd3 {[%emt 0:00:00]} Rf3+ {[%emt 0:00:00]} 62. Kxe2 {[%emt 0:00:00]} Rf5 {[%emt 0:00:00] Zaman (Lag: Av=0.72s, max=4.6s)} 0-1

[Event "Stay Safe Play From Home 152"]
[Site "T#646138Emanuel Laske"]
[Date "2020.05.17"]
[Round "2"]
[White "Mepe_Nika"]
[Black "Weltszmerc"]
[Result "1-0"]
[WhiteElo "2301"]
[BlackElo "2117"]
[Annotator "NA"]
[PlyCount "93"]
[EventDate "2020.05.17"]
[EventType "swiss (blitz)"]

1. c4 {[%emt 0:00:01]} Nf6 {[%emt 0:00:00]} 2. g3 {[%emt 0:00:01]} b6 {[%emt 0:00:00]} 3. Bg2 {[%emt 0:00:00]} d5 {[%emt 0:00:00]} 4. cxd5 {[%emt 0:00:01]} Nxd5 {[%emt 0:00:00]} 5. Nc3 {[%emt 0:00:00]} Nxc3 {[%emt 0:00:01]} 6. bxc3 {[%emt 0:00:02]} c6 {[%emt 0:00:01]} 7. Nf3 {[%emt 0:00:02]} Bb7 {[%emt 0:00:00]} 8. O-O {[%emt 0:00:01]} Nd7 {[%emt 0:00:00]} 9. d4 {[%emt 0:00:01]} e6 {[%emt 0:00:01]} 10. e4 {[%emt 0:00:01]} Be7 {[%emt 0:00:01]} 11. a4 {[%emt 0:00:01]} a6 {[%emt 0:00:03]} 12. Qb3 {[%emt 0:00:02]} c5 {[%emt 0:00:01]} 13. d5 {[%emt 0:00:02]} exd5 {[%emt 0:00:01]} 14. exd5 {[%emt 0:00:00]} O-O {[%emt 0:00:01]} 15. c4 {[%emt 0:00:01]} Bf6 {[%emt 0:00:02]} 16. Bb2 {[%emt 0:00:00]} Bxb2 {[%emt 0:00:04]} 17. Qxb2 {[%emt 0:00:00]} Re8 {[%emt 0:00:02]} 18. Rfe1 {[%emt 0:00:01]} Qf6 {[%emt 0:00:02]} 19. Qxf6 {[%emt 0:00:03]} Nxf6 {[%emt 0:00:02]} 20. Ne5 {[%emt 0:00:01]} Rad8 {[%emt 0:00:06]} 21. f4 {[%emt 0:00:02]} Kf8 {[%emt 0:00:03]} 22. Rab1 {[%emt 0:00:01]} Nd7 {[%emt 0:00:01]} 23. Kf2 {[%emt 0:00:04]} f6 {[%emt 0:00:01]} 24. Nxd7+ {[%emt 0:00:01]} Rxd7 {[%emt 0:00:02]} 25. Rxe8+ {[%emt 0:00:02]} Kxe8 {[%emt 0:00:01]} 26. Rxb6 {[%emt 0:00:00]} Kd8 {[%emt 0:00:02]} 27. a5 {[%emt 0:00:02]} Kc7 {[%emt 0:00:02]} 28. Re6 {[%emt 0:00:02]} Kd8 {[%emt 0:00:02]} 29. Be4 {[%emt 0:00:01]} g6 {[%emt 0:00:02]} 30. h4 {[%emt 0:00:02]} f5 {[%emt 0:00:01]} 31. Bd3 {[%emt 0:00:02]} Re7 {[%emt 0:00:01]} 32. Rxe7 {[%emt 0:00:01]} Kxe7 {[%emt 0:00:01]} 33. h5 {[%emt 0:00:00]} Kd6 {[%emt 0:00:04]} 34. g4 {[%emt 0:00:01]} Bc8 {[%emt 0:00:01]} 35. gxf5 {[%emt 0:00:03]} gxf5 {[%emt 0:00:01]} 36. Kg3 {[%emt 0:00:01]} h6 {[%emt 0:00:01]} 37. Kh4 {[%emt 0:00:02]} Bd7 {[%emt 0:00:00]} 38. Kg3 {[%emt 0:00:00]} Bc8 {[%emt 0:00:01]} 39. Kf3 {[%emt 0:00:00]} Bd7 {[%emt 0:00:00]} 40. Bc2 {[%emt 0:00:01]} Bc8 {[%emt 0:00:00]} 41. Ke3 {[%emt 0:00:00]} Bd7 {[%emt 0:00:00]} 42. Kd3 {[%emt 0:00:01]} Kc7 {[%emt 0:00:01]} 43. Kc3 {[%emt 0:00:01]} Kd6 {[%emt 0:00:00]} 44. Kb3 {[%emt 0:00:01]} Be8 {[%emt 0:00:01]} 45. Ka3 {[%emt 0:00:01]} Bxh5 {[%emt 0:00:01]} 46. Bxf5 {[%emt 0:00:00]} Bf3 {[%emt 0:00:01]} 47. Bh3 {[%emt 0:00:01] Czas partii '} 1-0